El pajecillo (Record no. 160311)

MARC details
000 -LEADER
campo de control de longitud fija 01005nam a22001935i 4500
001 - NÚMERO DE CONTROL
campo de control 160311
003 - IDENTIFICADOR DE NÚMERO DE CONTROL
campo de control ES-MaACL
005 - FECHA Y HORA DE LA ÚLTIMA TRANSACCIÓN
campo de control 20230906212008.0
008 - DATOS DE LONGITUD FIJA--INFORMACIÓN GENERAL
campo de control de longitud fija 020419s1872 sp |||| | spa d
040 ## - FUENTE DE CATALOGACIÓN
Centro catalogador/agencia de origen CAM
Lengua de catalogación spa
Centro/agencia transcriptor CAM
100 1# - ENTRADA PRINCIPAL--NOMBRE DE PERSONA
Nombre de persona Mozo de Rosales, Emilio.
9 (RLIN) 130267
245 13 - MENCIÓN DEL TÍTULO
Título El pajecillo
Resto del título : episodio histórico escrito en un acto, en verso /
Mención de responsabilidad, etc. y original de Emilio Mozo de Rosales ; música del maestro Antonio Reparaz.
260 ## - PUBLICACIÓN, DISTRIBUCIÓN, ETC.
Lugar de publicación, distribución, etc. Madrid :
Nombre del editor, distribuidor, etc. [s.n.],
Fecha de publicación, distribución, etc. 1872 (
Fabricante Imprenta de José Rodriguez)
300 ## - DESCRIPCIÓN FÍSICA
Extensión 23 p. ;
Dimensiones 20 cm.
500 ## - NOTA GENERAL
Nota general En port.: Representado por primera vez en el Teatro de Eslava la noche del 28 de junio de 1872.
596 #1 - NOTA AL PIE DE IMPRENTA
NOTA AL PIE DE IMPRENTA En verso de la port. consta: "... El Teatro Comico ..."
700 1# - ENTRADA AGREGADA--NOMBRE PERSONAL
Nombre de persona Reparaz, Antonio.
9 (RLIN) 96255
852 ## - LOCALIZACIÓN
Ubicación ES-MaACL
Número de control de estantería F-8566(13)
Nota libre -- Enc. pasta española
-- -- Dedicatoria ms. de Antonio Reparaz a Francisco Povedano
condición física -- Falto de la cub. original
Nota libre .- Enc. en vol. facticio formando parte de la col. facticia "Teatro español moderno", vol. 19
Holdings
Estatus retirado Estado de pérdida Estado de daño No para préstamo Colección Biblioteca de origen Biblioteca actual Ubicación en estantería Fecha de adquisición Fuente de adquisición Total de préstamos Signatura topográfica completa Código de barras Visto por última vez Precio de reemplazo Tipo de ítem Koha
        Libros del s. XIX Biblioteca del Ateneo de Madrid Biblioteca del Ateneo de Madrid Sala Pecera Planta 2 17/01/2008     F-8566(13) 1167858 23/02/2023 23/02/2023 Libro impreso antiguo